[Event "IV Festival Scacchi Verdi A"]
[Site "Bresso ITA"]
[Date "2004.06.13"]
[Round "5"]
[White "Murli, Almerico"]
[Black "Cardani, Roberto"]
[Result "1-0"]
[WhiteElo "1830"]
[BlackElo "1939"]
[PlyCount "37"]
[EventDate "2004.06.10"]

1. e4 c5 2. Nf3 d6 3. d4 cxd4 4. Nxd4 Nf6 5. Nc3 a6 6. Bc4 e6 7. Bb3 b5 8. O-O
Be7 9. Qf3 Qc7 10. Qg3 b4 11. Na4 Nc6 12. Nxc6 Qxc6 13. f3 Rg8 14. Be3 Nd7 15.
c3 bxc3 16. Rac1 Nc5 17. Rxc3 Qb5 18. Nxc5 dxc5 19. Rfc1 1-0

[Event "IV Festival Scacchi Verdi A"]
[Site "Bresso ITA"]
[Date "2004.06.13"]
[Round "5"]
[White "Pace, Pietro Dario"]
[Black "Gandolfi, Gianfranco"]
[Result "0-1"]
[WhiteElo "2126"]
[BlackElo "1961"]
[PlyCount "104"]
[EventDate "2004.06.10"]

1. e4 c5 2. Nf3 d6 3. d4 cxd4 4. Nxd4 Nf6 5. Nc3 a6 6. f3 e6 7. Be3 Nc6 8. Qd2
Bd7 9. O-O-O Nxd4 10. Bxd4 Qc7 11. g4 Bc6 12. h4 Nd7 13. Kb1 b5 14. Bd3 b4 15.
Ne2 e5 16. Be3 d5 17. exd5 Bxd5 18. Be4 Bxe4 19. fxe4 Rd8 20. Ng3 Bc5 21. Bxc5
Nxc5 22. Qxb4 Rb8 23. Qc4 O-O 24. b3 Rfc8 25. Rd2 Nxb3 26. Qxc7 Nxd2+ 27. Kc1
Rxc7 28. Kxd2 Rb2 29. Rc1 Rxa2 30. Nf5 g6 31. Ne3 a5 32. Nd5 Rc4 33. Kd3 Rd4+
34. Kc3 Raa4 35. Kb3 Rac4 36. c3 a4+ 37. Kc2 Kg7 38. g5 Rxe4 39. Rb1 Rc8 40.
Rh1 h5 41. Kd3 Rec4 42. Re1 e4+ 43. Ke3 Rxc3+ 44. Nxc3 Rxc3+ 45. Kd2 Rc4 46.
Ke3 a3 47. Ra1 Ra4 48. Ra2 f6 49. Kf4 e3+ 50. Kxe3 Rxh4 51. gxf6+ Kxf6 52. Kf3
Rh3+ 0-1

[Event "IV Festival Scacchi Verdi A"]
[Site "Bresso ITA"]
[Date "2004.06.13"]
[Round "5"]
[White "Pelizzola, Danilo"]
[Black "Berni, Francesco"]
[Result "1-0"]
[WhiteElo "2081"]
[BlackElo "1685"]
[PlyCount "71"]
[EventDate "2004.06.10"]

1. e4 c5 2. Nf3 d6 3. d4 cxd4 4. Nxd4 Nf6 5. Nc3 a6 6. Be2 e6 7. Be3 Nc6 8. O-O
Be7 9. Qd2 Qc7 10. f4 Bd7 11. Nb3 O-O 12. Bf3 Na7 13. Qf2 Nc6 14. Bb6 Qb8 15.
Rad1 Bd8 16. g4 Bc7 17. g5 Ne8 18. Qe3 Bxb6 19. Qxb6 Qa7 20. Na4 Rc8 21. Qxa7
Nxa7 22. Nb6 Rc7 23. c3 f5 24. exf5 Bc6 25. Nd4 Bxf3 26. Rxf3 exf5 27. Re3 g6
28. Ne6 Re7 29. Nd5 Rff7 30. Nxe7+ Rxe7 31. Rde1 Nc6 32. Nd4 Kf7 33. Nxc6 Rxe3
34. Nd8+ Ke7 35. Rxe3+ Kxd8 36. Rh3 1-0

[Event "IV Festival Scacchi Verdi A"]
[Site "Bresso ITA"]
[Date "2004.06.13"]
[Round "6"]
[White "Aglietti, Graziano"]
[Black "Cardani, Roberto"]
[Result "1-0"]
[WhiteElo "2084"]
[BlackElo "1939"]
[PlyCount "45"]
[EventDate "2004.06.10"]

1. Nf3 Nf6 2. g3 d5 3. Bg2 c6 4. O-O Bg4 5. d4 Nbd7 6. b3 e6 7. c4 Bd6 8. Bb2
Qb8 9. Nc3 h5 10. Ng5 h4 11. Qd3 hxg3 12. hxg3 Bf5 13. e4 dxe4 14. Ncxe4 Nxe4
15. Bxe4 Bxe4 16. Nxe4 Be7 17. d5 cxd5 18. cxd5 Ne5 19. Qb5+ Kf8 20. d6 Bxd6
21. Nxd6 Nf3+ 22. Kg2 Qxd6 23. Kxf3 1-0

[Event "IV Festival Scacchi Verdi A"]
[Site "Bresso ITA"]
[Date "2004.06.13"]
[Round "6"]
[White "D'Apa, Matteo"]
[Black "Milan, Paolo"]
[Result "1-0"]
[WhiteElo "1859"]
[BlackElo "1811"]
[PlyCount "73"]
[EventDate "2004.06.10"]

1. d4 Nf6 2. c4 e6 3. Nc3 b6 4. Bg5 Bb7 5. e3 Bb4 6. Bxf6 Qxf6 7. Nf3 O-O 8.
Be2 d5 9. cxd5 exd5 10. O-O Bxc3 11. bxc3 c5 12. c4 dxc4 13. Bxc4 Bxf3 14. Qxf3
Nd7 15. Qxf6 Nxf6 16. dxc5 Rfc8 17. cxb6 Rxc4 18. b7 Rb8 19. Rac1 Rxb7 20. Rxc4
h6 21. h3 Rb2 22. Ra4 Nd5 23. Rxa7 Nc3 24. Ra1 Ne2+ 25. Kf1 f5 26. a4 f4 27.
exf4 Nxf4 28. a5 Nd3 29. a6 Rxf2+ 30. Kg1 Re2 31. Ra8+ Kh7 32. a7 Nf4 33. Rf8
Rxg2+ 34. Kh1 g5 35. Rxf4 Rg3 36. a8=Q gxf4 37. Qe4+ 1-0

[Event "IV Festival Scacchi Verdi A"]
[Site "Bresso ITA"]
[Date "2004.06.13"]
[Round "6"]
[White "Damia, Angelo"]
[Black "Di Donato, Giovanni"]
[Result "0-1"]
[WhiteElo "2061"]
[BlackElo "1838"]
[PlyCount "68"]
[EventDate "2004.06.10"]

1. e4 e5 2. Nf3 f5 3. Nxe5 Qf6 4. d4 d6 5. Nc4 fxe4 6. Nc3 Qg6 7. f3 exf3 8.
Qxf3 Qg4 9. Qxg4 Bxg4 10. Nd5 Kd8 11. Bg5+ Be7 12. Nxe7 Nxe7 13. Ne3 Be6 14. d5
Bd7 15. Bd3 h6 16. Bxe7+ Kxe7 17. O-O a5 18. Rae1 Kd8 19. Rf7 g5 20. Nf5 Be8
21. Rg7 Nd7 22. Ree7 Nc5 23. Rxc7 Bd7 24. Rcxd7+ Nxd7 25. Nxd6 Ne5 26. Nxb7+
Ke8 27. Bf5 Rf8 28. g4 Rf6 29. d6 Kf8 30. d7 Kxg7 31. d8=Q Rxd8 32. Nxd8 Nf3+
33. Kg2 Nh4+ 34. Kh1 Rd6 0-1

[Event "IV Festival Scacchi Verdi A"]
[Site "Bresso ITA"]
[Date "2004.06.13"]
[Round "6"]
[White "Ducci, Roberto"]
[Black "Aleksic, Nenad"]
[Result "0-1"]
[WhiteElo "1748"]
[BlackElo "2384"]
[PlyCount "58"]
[EventDate "2004.06.10"]

1. e4 c5 2. Nc3 a6 3. f4 b5 4. Nf3 e6 5. d4 cxd4 6. Nxd4 Bb7 7. Qd3 d6 8. Be2
Nd7 9. Nb3 Ngf6 10. Bf3 Qc7 11. Bd2 Rc8 12. O-O Be7 13. Kh1 O-O 14. a4 b4 15.
e5 dxe5 16. Bxb7 Qxb7 17. Ne2 Rfd8 18. Qg3 Qe4 19. Rae1 exf4 20. Nxf4 Qxc2 21.
Qe3 Bf8 22. Re2 e5 23. Nd3 Qxb3 24. Qg3 e4 25. Ref2 Qxd3 26. Qf4 Bc5 27. g4
Bxf2 28. Rxf2 e3 29. Bxe3 Rc4 0-1

[Event "IV Festival Scacchi Verdi A"]
[Site "Bresso ITA"]
[Date "2004.06.13"]
[Round "6"]
[White "Faccio, Fabio"]
[Black "Pelizzola, Danilo"]
[Result "1-0"]
[WhiteElo "1721"]
[BlackElo "2081"]
[PlyCount "51"]
[EventDate "2004.06.10"]

1. e4 c6 2. d4 d5 3. exd5 cxd5 4. c4 Nf6 5. Nc3 Nc6 6. Be3 e6 7. a3 b6 8. Nf3
Bb7 9. Bd3 dxc4 10. Bxc4 Be7 11. O-O O-O 12. d5 Na5 13. Ba2 exd5 14. Rc1 Rc8
15. Nd4 Ne4 16. Nxe4 dxe4 17. Qg4 Kh8 18. Rcd1 Bf6 19. Ne6 Qe8 20. Nxf8 Qxf8
21. Rd7 Bxb2 22. Rxf7 Qe8 23. Rd1 Bc6 24. Bd4 Bxd4 25. Rxd4 g6 26. Qf4 1-0

[Event "IV Festival Scacchi Verdi A"]
[Site "Bresso ITA"]
[Date "2004.06.13"]
[Round "6"]
[White "Ganci, Stefano"]
[Black "Di Marco, Ruggero"]
[Result "0-1"]
[WhiteElo "1775"]
[BlackElo "1787"]
[PlyCount "98"]
[EventDate "2004.06.10"]

1. e4 c5 2. c3 Nf6 3. e5 Nd5 4. d4 cxd4 5. Bc4 Nb6 6. Bb3 d5 7. exd6 Qxd6 8.
Nf3 Nc6 9. Nxd4 Nxd4 10. cxd4 Be6 11. Be3 Bxb3 12. Qxb3 e6 13. O-O Qb4 14. Nd2
Nd5 15. Rfc1 Be7 16. Rc4 Qxb3 17. Nxb3 b6 18. Rac1 Kd7 19. Kf1 Rhc8 20. Nd2 b5
21. Rxc8 Rxc8 22. Rxc8 Kxc8 23. Ke2 Kc7 24. Ne4 h6 25. Bd2 Kc6 26. Nc3 Bf6 27.
Be3 b4 28. Ne4 Be7 29. Kd3 f5 30. Nc5 Bxc5 31. dxc5 Nxe3 32. fxe3 Kxc5 33. a3
bxa3 34. bxa3 e5 35. g3 g5 36. h4 gxh4 37. gxh4 Kb5 38. Kc3 Ka4 39. Kc4 f4 40.
exf4 exf4 41. Kd4 Kxa3 42. Ke4 f3 43. Kxf3 Kb4 44. Kg4 a5 45. Kh5 a4 46. Kxh6
a3 47. Kg6 a2 48. h5 a1=Q 49. h6 Qh8 0-1

[Event "IV Festival Scacchi Verdi A"]
[Site "Bresso ITA"]
[Date "2004.06.13"]
[Round "6"]
[White "Mrdja, Milan"]
[Black "Laketic, Gojko"]
[Result "1/2-1/2"]
[WhiteElo "2405"]
[BlackElo "2409"]
[PlyCount "47"]
[EventDate "2004.06.10"]

1. e4 e5 2. Nf3 Nc6 3. Bb5 a6 4. Ba4 Nf6 5. d3 d6 6. c3 g6 7. O-O Bg7 8. Re1
O-O 9. h3 Bd7 10. Nbd2 Nh5 11. Nf1 Qe8 12. Bb3 Kh8 13. d4 f6 14. Ne3 Nf4 15.
Nd5 Nxd5 16. Bxd5 Rb8 17. Be3 Ne7 18. Bb3 Ng8 19. Qd2 Qe7 20. Rad1 Rbd8 21. Nh2
Bc6 22. f3 f5 23. exf5 gxf5 24. Qf2 1/2-1/2

[Event "IV Festival Scacchi Verdi A"]
[Site "Bresso ITA"]
[Date "2004.06.13"]
[Round "6"]
[White "Pace, Pietro Dario"]
[Black "Murli, Almerico"]
[Result "1-0"]
[WhiteElo "2126"]
[BlackElo "1830"]
[PlyCount "57"]
[EventDate "2004.06.10"]

1. e4 d6 2. d4 Nf6 3. Nc3 g6 4. Bg5 Bg7 5. f4 c6 6. Nf3 Bg4 7. Be2 Bxf3 8. Bxf3
O-O 9. e5 Ne8 10. O-O Na6 11. Re1 dxe5 12. fxe5 Nec7 13. Qd2 Ne6 14. Be3 Nac7
15. Rad1 Nd5 16. Bf2 Nec7 17. Ne2 e6 18. c4 Nb6 19. b3 Qe7 20. Ng3 Rfd8 21. Qf4
g5 22. Qg4 h6 23. Ne4 Ne8 24. h4 f6 25. exf6 Nxf6 26. Nxf6+ Bxf6 27. hxg5 Bxg5
28. Rxe6 Qf7 29. Rxh6 1-0

[Event "IV Festival Scacchi Verdi A"]
[Site "Bresso ITA"]
[Date "2004.06.13"]
[Round "6"]
[White "Vignoli, Matteo"]
[Black "Nardone, Massimo"]
[Result "0-1"]
[WhiteElo "1817"]
[BlackElo "1843"]
[PlyCount "115"]
[EventDate "2004.06.10"]

1. e4 d6 2. d4 Nf6 3. Nc3 g6 4. f3 Bg7 5. Be3 O-O 6. Qd2 Nbd7 7. O-O-O e5 8. g4
exd4 9. Bxd4 Ne8 10. Bxg7 Nxg7 11. f4 Nc5 12. Be2 Qe7 13. Bf3 Rb8 14. Nge2 f5
15. exf5 gxf5 16. gxf5 Bxf5 17. Nd5 Qf7 18. Ng3 Bg6 19. Rde1 Nce6 20. f5 Nxf5
21. Nxf5 Bxf5 22. Rhg1+ Bg6 23. Be4 Rbe8 24. Bxg6 hxg6 25. Qh6 Ng7 26. Rd1 c6
27. Nc3 Re6 28. Kb1 Nf5 29. Qh3 Qh7 30. Qd3 Qxh2 31. a3 Qe5 32. Qh3 d5 33. Rh1
Qg7 34. Rdg1 Kf7 35. Rh2 Rfe8 36. Ka2 Re3 37. Qg4 Re1 38. Rgg2 R1e6 39. Rg1 Rf6
40. Rgh1 Qf8 41. Ne2 Ke7 42. Rh7+ Ng7 43. Qb4+ Kf7 44. Qxb7+ Re7 45. Qa6 c5 46.
Rh8 Rxa6 47. Rxf8+ Kxf8 48. Nf4 Rb7 49. Nxd5 g5 50. Rg1 Rg6 51. Nf4 Rf6 52. Nd5
Rf5 53. Ne3 Re5 54. Nc4 Re2 55. Rxg5 Rxc2 56. Rxc5 Rbxb2+ 57. Ka1 Ra2+ 58. Kb1
0-1

[Event "XXIII Mitropa Cup"]
[Site "Zemplinska Sirava SVK"]
[Date "2004.05.29"]
[Round "1.1"]
[White "Gerber, Richard"]
[Black "Borgo, Giulio"]
[Result "1-0"]
[WhiteElo "2414"]
[BlackElo "2414"]
[Annotator "ITA-SUI"]
[PlyCount "75"]
[EventDate "2004.05.29"]

1. Nf3 d5 2. d4 Nf6 3. c4 e6 4. Nc3 Nbd7 5. Bg5 c6 6. e3 Qa5 7. cxd5 exd5 8.
Bd3 Ne4 9. O-O Nxg5 10. Nxg5 Nf6 11. Qc2 Qd8 12. f4 Bd6 13. Rae1 g6 14. Qf2 Kf8
15. e4 h6 16. Nf3 dxe4 17. Nxe4 Bb4 18. Nc3 c5 19. d5 Kg7 20. Ne5 Bd7 21. d6
Be8 22. Rd1 Qxd6 23. Bxg6 Qb6 24. Nc4 Qa6 25. Bd3 b5 26. Ne3 c4 27. Ncd5 Nxd5
28. Nxd5 Bd6 29. Qg3+ Kf8 30. Be4 Bc5+ 31. Kh1 Rd8 32. Bf3 Rd7 33. Qh4 Kg7 34.
f5 Kf8 35. Nf6 Be7 36. Nxd7+ Bxd7 37. Qxe7+ Kxe7 38. Rfe1+ 1-0

[Event "XXIII Mitropa Cup"]
[Site "Zemplinska Sirava SVK"]
[Date "2004.05.29"]
[Round "1.2"]
[White "Sarno, Spartaco"]
[Black "Papa, Severin"]
[Result "1-0"]
[WhiteElo "2401"]
[BlackElo "2405"]
[Annotator "ITA-SUI"]
[PlyCount "103"]
[EventDate "2004.05.29"]

1. e4 e5 2. Nf3 Nf6 3. Nxe5 d6 4. Nf3 Nxe4 5. d4 d5 6. Bd3 Bd6 7. O-O O-O 8. c4
c6 9. Qc2 Na6 10. a3 f5 11. Nc3 Nc7 12. b4 Bd7 13. Bb2 Be8 14. Ne5 Ne6 15. Ne2
Qg5 16. Rae1 Bh5 17. Ng3 Bg6 18. cxd5 cxd5 19. Qb3 Bxe5 20. dxe5 Rad8 21. Bc1
Qh4 22. Ne2 f4 23. Bxe4 Bxe4 24. f3 Bg6 25. Rd1 Bf7 26. Nd4 Qg5 27. Rfe1 Rc8
28. Qxd5 Qg6 29. Qe4 Nxd4 30. Rxd4 Qxe4 31. Rdxe4 g5 32. e6 Bg6 33. Re5 Rf5 34.
Rxf5 Bxf5 35. Bb2 Re8 36. Re5 Bg6 37. Rxg5 Rxe6 38. Re5 Rc6 39. Re2 Kf7 40. Be5
Rc4 41. Kf2 Bd3 42. Rd2 Bf5 43. Ke2 Ke6 44. Bb8 a6 45. Rd6+ Ke7 46. Rb6 Rc2+
47. Kd1 Rxg2 48. Rxb7+ Ke8 49. Bxf4 Ra2 50. b5 Rxa3 51. b6 Rxf3 52. Bg5 1-0

[Event "XXIII Mitropa Cup"]
[Site "Zemplinska Sirava SVK"]
[Date "2004.05.29"]
[Round "1.3"]
[White "Landenbergue, Claude"]
[Black "Contin, Daniel"]
[Result "1/2-1/2"]
[WhiteElo "2394"]
[BlackElo "2401"]
[Annotator "ITA-SUI"]
[PlyCount "87"]
[EventDate "2004.05.29"]

1. e4 e6 2. d4 d5 3. Nd2 c5 4. Ngf3 a6 5. exd5 exd5 6. Be2 Nc6 7. O-O cxd4 8.
Nb3 Nf6 9. Bf4 Qb6 10. Nfxd4 Be7 11. Bf3 O-O 12. Re1 Re8 13. c3 Nxd4 14. Qxd4
Qxd4 15. Nxd4 Bg4 16. Bxg4 Nxg4 17. f3 Nf6 18. Rad1 Bc5 19. Kf1 Rxe1+ 20. Kxe1
Re8+ 21. Kf1 h6 22. Bg3 Kh7 23. Nf5 Kg6 24. Nd4 Kh7 25. Nc2 g5 26. Bf2 Bxf2 27.
Kxf2 Re6 28. Ne3 Rb6 29. Rd2 Kg6 30. g4 h5 31. h3 Rb5 32. Ke2 a5 33. a4 Rc5 34.
Rd4 b5 35. b4 Rxc3 36. bxa5 bxa4 37. a6 Rc7 38. Rxa4 Ra7 39. Nf5 Ne8 40. Ra5
hxg4 41. hxg4 Kf6 42. Ke3 Nc7 43. Kd4 Rxa6 44. Rxa6+ 1/2-1/2

[Event "XXIII Mitropa Cup"]
[Site "Zemplinska Sirava SVK"]
[Date "2004.05.29"]
[Round "1.4"]
[White "Cacco, Christian"]
[Black "Nemet, Ivan"]
[Result "0-1"]
[WhiteElo "2319"]
[BlackElo "2361"]
[Annotator "ITA-SUI"]
[PlyCount "84"]
[EventDate "2004.05.29"]

1. d4 Nf6 2. Nf3 g6 3. b4 Bg7 4. c4 O-O 5. Nbd2 a5 6. b5 a4 7. e3 c6 8. Ba3 d6
9. Rc1 Bf5 10. Nh4 Be6 11. bxc6 bxc6 12. Bd3 c5 13. dxc5 dxc5 14. Ne4 Na6 15.
O-O Qc7 16. Ng5 Bg4 17. Qe1 Qd7 18. Bc2 h6 19. Ngf3 Ne8 20. Qa5 g5 21. Bxc5
gxh4 22. Be4 Nxc5 23. Bxa8 Qc8 24. Nd4 Qc7 25. Qxc7 Nxc7 26. Bf3 Bd7 27. Rfd1
N7e6 28. Nf5 Bf6 29. Rd5 Rc8 30. Nxh6+ Kf8 31. Ng4 Bb2 32. Rc2 a3 33. Rh5 Ba4
34. Rd2 Bc3 35. Rdd5 Rb8 36. h3 Rb2 37. Ne5 Bxe5 38. Rdxe5 Rxa2 39. Rh8+ Kg7
40. Reh5 Nf8 41. Rxf8 Kxf8 42. Rxc5 Ra1+ 0-1

[Event "XXIII Mitropa Cup"]
[Site "Zemplinska Sirava SVK"]
[Date "2004.05.30"]
[Round "2.2"]
[White "Kuba, Guenter"]
[Black "Sarno, Spartaco"]
[Result "1-0"]
[WhiteElo "2339"]
[BlackElo "2401"]
[Annotator "ITA-AUT"]
[PlyCount "81"]
[EventDate "2004.05.29"]

1. e4 d6 2. d4 Nf6 3. Nc3 g6 4. Be3 c6 5. Qd2 b5 6. Bd3 Nbd7 7. Nf3 Bg7 8. h3
O-O 9. O-O e5 10. dxe5 dxe5 11. Ne2 Bb7 12. Ng3 Re8 13. a4 a6 14. c4 bxa4 15.
c5 Qe7 16. Rfc1 Rad8 17. Rxa4 Nb8 18. Qc2 Rf8 19. Nd2 Bc8 20. Nc4 Ne8 21. Rb4
Be6 22. Na5 Qd7 23. Bc4 Bxc4 24. Qxc4 Nc7 25. Nb7 Rde8 26. Nd6 Re6 27. Rb7 Qd8
28. Qb3 Nd7 29. Rd1 Re7 30. Qa4 Ne6 31. Qxc6 Ndxc5 32. Rxe7 Qxe7 33. Bxc5 Nxc5
34. Qxc5 Rd8 35. Qb6 Bf8 36. Qxa6 Qc7 37. Ne2 Bxd6 38. Nc3 Qb8 39. Qb5 Qc7 40.
Qd3 Kg7 41. Nb5 1-0

[Event "XXIII Mitropa Cup"]
[Site "Zemplinska Sirava SVK"]
[Date "2004.05.30"]
[Round "2.3"]
[White "Contin, Daniel"]
[Black "Ragger, Markus"]
[Result "0-1"]
[WhiteElo "2401"]
[BlackElo "2365"]
[Annotator "ITA-AUT"]
[PlyCount "134"]
[EventDate "2004.05.29"]

1. c4 e6 2. Nf3 d5 3. b3 Be7 4. Bb2 Bf6 5. Nc3 c5 6. e3 Nc6 7. cxd5 exd5 8. Bb5
Nge7 9. Qc1 O-O 10. Na4 Bxb2 11. Qxb2 b6 12. d4 cxd4 13. Bxc6 Nxc6 14. Nxd4
Nxd4 15. Qxd4 Qg5 16. O-O-O Bf5 17. Nc3 Rac8 18. Kb2 Qxg2 19. e4 Rxc3 20. Rhg1
Rd3 21. Rxg2 Rxd4 22. Rxd4 dxe4 23. Rg3 Re8 24. Rc3 h5 25. Rc7 e3 26. fxe3 Rxe3
27. Rd8+ Kh7 28. Rxf7 Re2+ 29. Kc1 Rc2+ 30. Kd1 Bg6 31. Rff8 Be4 32. Rf4 Bg6
33. Rff8 Be4 34. Rf4 Bg6 35. Rd2 Rc7 36. h4 Be8 37. Rf8 Bd7 38. Ke2 Bg4+ 39.
Kf2 Rc3 40. Rf7 Rh3 41. Rxa7 Rh2+ 42. Ke3 Rxh4 43. Rb7 Rh3+ 44. Kd4 Rf3 45.
Rxb6 h4 46. Rc6 Rf4+ 47. Ke3 Rf3+ 48. Ke4 h3 49. b4 Rf7 50. Rc3 g5 51. b5 Re7+
52. Kd4 Rd7+ 53. Ke3 Rxd2 54. Kxd2 h2 55. Rc1 Bf3 56. a4 h1=Q 57. Rxh1+ Bxh1
58. a5 Bd5 59. Kc3 g4 60. Kd4 Bg2 61. Ke3 Kg6 62. Ke2 Bd5 63. Kd3 g3 64. Kd4 g2
65. Kxd5 g1=Q 66. Kc6 Qa7 67. a6 Kf6 0-1

[Event "XXIII Mitropa Cup"]
[Site "Zemplinska Sirava SVK"]
[Date "2004.05.30"]
[Round "2.4"]
[White "Pilaj, Herwig"]
[Black "Cacco, Christian"]
[Result "1-0"]
[WhiteElo "2389"]
[BlackElo "2319"]
[Annotator "ITA-AUT"]
[PlyCount "59"]
[EventDate "2004.05.29"]

1. e4 g6 2. d4 Bg7 3. Nc3 d6 4. Be3 a6 5. Qd2 Nd7 6. h4 h6 7. h5 g5 8. O-O-O b5
9. f4 gxf4 10. Bxf4 Bb7 11. Nf3 b4 12. Nd5 e6 13. Nxb4 a5 14. Nd3 Bxe4 15. Nf2
Bc6 16. Rh3 Ngf6 17. Bd3 Qb8 18. g4 Nd5 19. g5 Nxf4 20. Qxf4 Nb6 21. g6 Rf8 22.
gxf7+ Ke7 23. Bg6 Na4 24. Nd3 Qb7 25. Re1 Bd5 26. Qe3 Kd7 27. b3 Nc3 28. Kd2
Nb5 29. c4 Bxc4 30. Nc5+ 1-0

[Event "XXIII Mitropa Cup"]
[Site "Zemplinska Sirava SVK"]
[Date "2004.05.31"]
[Round "3.1"]
[White "Mihalcisin, Adrian"]
[Black "Arlandi, Ennio"]
[Result "1/2-1/2"]
[WhiteElo "2527"]
[BlackElo "2431"]
[Annotator "ITA-SLO"]
[PlyCount "59"]
[EventDate "2004.05.29"]

1. e4 c5 2. Nf3 e6 3. d4 cxd4 4. Nxd4 Nf6 5. Nc3 d6 6. f4 a6 7. Bd3 g6 8. Be3
Bg7 9. O-O O-O 10. Kh1 Qc7 11. Qe1 b5 12. Qh4 Bb7 13. f5 e5 14. fxg6 exd4 15.
Bxd4 fxg6 16. Bxf6 Bxf6 17. Rxf6 Nd7 18. Rff1 Ne5 19. a4 b4 20. Nd5 Bxd5 21.
exd5 b3 22. Qe4 bxc2 23. Bxc2 a5 24. Bd3 Qc5 25. h3 Rxf1+ 26. Rxf1 Rf8 27.
Rxf8+ Kxf8 28. Kh2 Qf2 29. Be2 h5 30. b3 1/2-1/2

[Event "XXIII Mitropa Cup"]
[Site "Zemplinska Sirava SVK"]
[Date "2004.05.31"]
[Round "3.2"]
[White "Borgo, Giulio"]
[Black "Borisek, Jure"]
[Result "0-1"]
[WhiteElo "2414"]
[BlackElo "2464"]
[Annotator "ITA-SLO"]
[PlyCount "128"]
[EventDate "2004.05.29"]

1. c4 e5 2. Nc3 Bb4 3. Nd5 Be7 4. d4 d6 5. g3 c6 6. Nxe7 Qxe7 7. Bg2 f5 8. d5
c5 9. e4 Nf6 10. exf5 Bxf5 11. Ne2 O-O 12. O-O Nbd7 13. Nc3 a6 14. f3 Qe8 15.
g4 Bg6 16. a4 Qe7 17. Qe2 Rae8 18. Bd2 Qd8 19. Nd1 b5 20. axb5 axb5 21. b3 b4
22. Ne3 Qb6 23. h4 h6 24. Ra4 Ra8 25. Rfa1 Qb7 26. Be1 Nb6 27. Ra5 Nfd7 28. Bg3
Bh7 29. h5 Nf6 30. Kh2 g6 31. hxg6 Bxg6 32. Bh4 Nh7 33. Nf1 Rxa5 34. Rxa5 Qf7
35. Qe3 Kg7 36. Ra6 Nc8 37. Ng3 Qf4 38. Qxf4 exf4 39. Nf1 Ng5 40. Kg1 Kf6 41.
Bf2 Kg7 42. Nd2 Re8 43. Ne4 Bxe4 44. fxe4 f3 45. Bh1 Rxe4 46. Rc6 Re8 47. Bh4
Kf6 48. Kf2 Rd8 49. Bxf3 Ne7 50. Ra6 Ng6 51. Bg3 Ne5 52. Bd1 Ne4+ 53. Kg2 Nxg3
54. Kxg3 Nf7 55. Bc2 Ke5 56. Kh4 Kd4 57. Kh5 Kc3 58. Bd1 Kd2 59. Ra1 Rg8 60.
Ra7 Rg5+ 61. Kh4 Ne5 62. Rh7 Kxd1 63. Rxh6 Rxg4+ 64. Kh3 Rg6 0-1

[Event "XXIII Mitropa Cup"]
[Site "Zemplinska Sirava SVK"]
[Date "2004.05.31"]
[Round "3.3"]
[White "Lenic, Luka"]
[Black "Sarno, Spartaco"]
[Result "1-0"]
[WhiteElo "2374"]
[BlackElo "2401"]
[Annotator "ITA-SLO"]
[PlyCount "55"]
[EventDate "2004.05.29"]

1. Nf3 Nf6 2. g3 g6 3. Bg2 Bg7 4. O-O O-O 5. c4 d6 6. d4 Nc6 7. Nc3 e5 8. d5
Ne7 9. e4 Ne8 10. Ne1 f5 11. Nd3 Nf6 12. Bg5 h6 13. Bxf6 Bxf6 14. f4 exf4 15.
Nxf4 c6 16. Kh1 Be5 17. Qd2 Qa5 18. Nd3 Bxc3 19. bxc3 cxd5 20. exd5 Bd7 21. c5
Kh7 22. Rab1 Rab8 23. Rfe1 Ng8 24. cxd6 Rf6 25. Ne5 Bb5 26. Qb2 Ba4 27. Qb4 Qa6
28. Nc6 1-0

[Event "XXIII Mitropa Cup"]
[Site "Zemplinska Sirava SVK"]
[Date "2004.05.31"]
[Round "3.4"]
[White "Contin, Daniel"]
[Black "Sakelsek, Tadej"]
[Result "1-0"]
[WhiteElo "2401"]
[BlackElo "2374"]
[Annotator "ITA-SLO"]
[PlyCount "97"]
[EventDate "2004.05.29"]

1. c4 Nf6 2. Nf3 c5 3. g3 Nc6 4. Bg2 d5 5. Qa4 Bd7 6. cxd5 Nxd5 7. Qe4 e6 8.
Nc3 Nf6 9. Qf4 Be7 10. O-O O-O 11. d4 Qb8 12. dxc5 Qxf4 13. Bxf4 Bxc5 14. Rad1
Rfd8 15. Ne5 Nxe5 16. Bxe5 Bc6 17. Bxc6 bxc6 18. Bxf6 gxf6 19. e3 Rab8 20. Na4
Bf8 21. Rxd8 Rxd8 22. Rc1 Rc8 23. Kf1 f5 24. Ke2 Be7 25. Rc4 Kf8 26. b3 Ke8 27.
Nb2 Kd7 28. Ra4 Rc7 29. Nd3 Kc8 30. h3 Kb7 31. g4 fxg4 32. hxg4 Rc8 33. Rf4 f6
34. Re4 e5 35. f4 Bd6 36. fxe5 fxe5 37. Nxe5 Rg8 38. Nf3 Kc7 39. Nd4 Kd7 40.
Nf5 Bc5 41. Kf3 Rg6 42. Rc4 Bb6 43. Re4 Bd8 44. Rd4+ Kc7 45. Ra4 Kb7 46. Re4
Rf6 47. Re8 Bc7 48. e4 Rg6 49. Rh8 1-0

[Event "XXIII Mitropa Cup"]
[Site "Zemplinska Sirava SVK"]
[Date "2004.06.01"]
[Round "4.1"]
[White "Arlandi, Ennio"]
[Black "Maze, Sebastien"]
[Result "1-0"]
[WhiteElo "2431"]
[BlackElo "2486"]
[Annotator "ITA-FRA"]
[PlyCount "81"]
[EventDate "2004.05.29"]

1. d4 d5 2. c4 Nc6 3. cxd5 Qxd5 4. e3 e5 5. Nc3 Bb4 6. a3 Bxc3+ 7. bxc3 Nf6 8.
f3 O-O 9. c4 Qd6 10. d5 Ne7 11. e4 Nd7 12. Nh3 Nc5 13. Nf2 f5 14. Be3 fxe4 15.
fxe4 Bd7 16. Qb1 a5 17. Be2 Kh8 18. O-O Ng8 19. Bf3 Nf6 20. Ra2 b6 21. Re1 Be8
22. Nd1 Bg6 23. Nc3 Qe7 24. Bf2 Ne8 25. Qd1 Nd6 26. Qe2 Nf7 27. Kh1 Ng5 28. Bh4
h6 29. Qd1 Rf6 30. Rd2 Raf8 31. Bxg5 hxg5 32. h3 R8f7 33. Bh5 Bxh5 34. Qxh5+
Rh6 35. Qd1 Qd7 36. Kg1 Rhf6 37. Qh5+ Rh6 38. Qxg5 Rff6 39. Qxe5 Rfg6 40. Re3
Ne6 41. Rg3 1-0

[Event "XXIII Mitropa Cup"]
[Site "Zemplinska Sirava SVK"]
[Date "2004.06.01"]
[Round "4.2"]
[White "Guidarelli, Laurent"]
[Black "Borgo, Giulio"]
[Result "1-0"]
[WhiteElo "2444"]
[BlackElo "2414"]
[Annotator "ITA-FRA"]
[PlyCount "77"]
[EventDate "2004.05.29"]

1. d4 d5 2. c4 e6 3. Nf3 Nf6 4. e3 c6 5. Bd3 Nbd7 6. O-O dxc4 7. Bxc4 Bd6 8.
Nc3 O-O 9. h3 b5 10. Bd3 Bb7 11. e4 e5 12. Bg5 h6 13. Bh4 exd4 14. Nxd4 Ne5 15.
Bc2 Nc4 16. Nf5 Be5 17. f4 Qxd1 18. Raxd1 Bxc3 19. bxc3 Nh7 20. Rf3 Bc8 21.
Ne7+ Kh8 22. Nxc6 Re8 23. Ne7 g5 24. Nxc8 Raxc8 25. Bf2 Kg8 26. Bd4 a6 27. Rg3
Kf8 28. h4 f6 29. hxg5 hxg5 30. fxg5 Nxg5 31. Rf1 Nxe4 32. Bxe4 Rxe4 33. Rxf6+
Ke8 34. Rxa6 Rc7 35. Rg5 b4 36. Rg8+ Kd7 37. Rg7+ Kc8 38. Ra8+ Kb7 39. Ra7+ 1-0

[Event "XXIII Mitropa Cup"]
[Site "Zemplinska Sirava SVK"]
[Date "2004.06.01"]
[Round "4.3"]
[White "Sarno, Spartaco"]
[Black "Libiszewski, Fabien"]
[Result "1/2-1/2"]
[WhiteElo "2401"]
[BlackElo "2441"]
[Annotator "ITA-FRA"]
[PlyCount "86"]
[EventDate "2004.05.29"]

1. c4 e5 2. Nc3 Nf6 3. Nf3 Nc6 4. g3 Bb4 5. Bg2 O-O 6. O-O Bxc3 7. bxc3 e4 8.
Ng5 Re8 9. f3 e3 10. d3 d5 11. Qb3 Na5 12. Qa3 b6 13. cxd5 Nxd5 14. f4 Bb7 15.
c4 Nf6 16. Bb2 Bxg2 17. Kxg2 c5 18. Bc3 Nc6 19. Qb2 Nh5 20. Rab1 Qd7 21. f5 Nd4
22. Bxd4 cxd4 23. Ne4 Re5 24. Rf3 Rd8 25. Rbf1 Qc6 26. Rxe3 Nf6 27. Rf4 Ree8
28. Ref3 Nxe4 29. Rxe4 Rxe4 30. dxe4 Qxe4 31. Qd2 Re8 32. Kf2 Re5 33. Qd3 Qxd3
34. exd3 Kf8 35. Rf4 Ke7 36. g4 Ra5 37. Rxd4 Rxa2+ 38. Kg3 a5 39. Rd5 Rb2 40.
c5 Rb5 41. d4 a4 42. Re5+ Kd7 43. cxb6 Rxb6 1/2-1/2